Online
Catalog

Antología de la poesía española contemporánea (1900-1936) / (Record no. 2732)

MARC details
000 -CABECERA
campo de control de longitud fija 00630cam a2200181 a 4500
001 - NÚMERO DE CONTROL
campo de control 000002898
005 - FECHA Y HORA DE LA ÚLTIMA TRANSACCIÓN
campo de control 20250522113543.0
008 - DATOS DE LONGITUD FIJA--INFORMACIÓN GENERAL
campo de control de longitud fija 760923s1941 mx b 001 pbspa
040 ## - FUENTE DE LA CATALOGACIÓN
Centro catalogador/agencia de origen DO-SdBNP
Lengua de catalogación spa
Centro/agencia transcriptor BNPHU
082 ## - NÚMERO DE LA CLASIFICACIÓN DECIMAL DEWEY
Número de clasificación 861.608
Número de documento/Ítem D668a
245 00 - MENCIÓN DE TÍTULO
Título Antología de la poesía española contemporánea (1900-1936) /
Mención de responsabilidad, etc. prólogo, Juan José Domenchina.
260 ## - PUBLICACIÓN, DISTRIBUCIÓN, ETC.
Lugar de publicación, distribución, etc. México, :
Nombre del editor, distribuidor, etc. Atlante,
Fecha de publicación, distribución, etc. 1941.
300 ## - DESCRIPCIÓN FÍSICA
Extensión 454, [2] p. ;
Dimensiones 23 cm.
650 #4 - PUNTO DE ACCESO ADICIONAL DE MATERIA--TÉRMINO DE MATERIA
Término de materia o nombre geográfico como elemento de entrada Poesía española
Subdivisión general Colecciones
9 (RLIN) 3395
650 #4 - PUNTO DE ACCESO ADICIONAL DE MATERIA--TÉRMINO DE MATERIA
Término de materia o nombre geográfico como elemento de entrada Poesía española
Subdivisión general Bibliografía
9 (RLIN) 9205
650 #0 - PUNTO DE ACCESO ADICIONAL DE MATERIA--TÉRMINO DE MATERIA
Término de materia o nombre geográfico como elemento de entrada Antologías
9 (RLIN) 8656
700 1# - PUNTO DE ACCESO ADICIONAL--NOMBRE DE PERSONA
Nombre de persona Domenchina, Juan José,
Fechas asociadas al nombre 1898-1959,
Término indicativo de función/relación pról.
9 (RLIN) 9206
Holdings
Estado de retiro Estado de pérdida Restricciones de uso No para préstamo Código de colección Localización permanente Ubicación/localización actual Ubicación en estantería Fecha de adquisición Número de inventario Total de préstamos Signatura topográfica completa Código de barras Fecha visto por última vez Precio válido a partir de Tipo de ítem Koha
    Préstamo interno   Monografías: Libros y Folletos General General En catalogación 04.07.2009 LF1   861.608 D668a 2898-10 25.06.2020 25.06.2020 Préstamo interno

Powered by Koha